[Event "9.Offene Senioren SH 2015"]
[Site "Buesum"]
[Date "2015.10.01"]
[Round "4.52"]
[White "Graffenberger, Wilhelm"]
[Black "Bendisch, Juergen"]
[Result "1/2-1/2"]
[BlackElo "1901"]
[BlackTeam "SV Hennef"]
[EventDate "2015.??.??"]
[PlyCount "70"]
[WhiteElo "1730"]
[WhiteTeam "Hamburger SK"]

1. d4 d5 2. Nf3 Nf6 3. e3 e6 4. Bd3 Nbd7 5. Nbd2 Bd6 6. O-O e5 7. e4 O-O 8. dxe5
Nxe5 9. Nxe5 Bxe5 10. exd5 Qxd5 11. Nf3 h6 12. c4 Qd6 13. Nxe5 Qxe5 14. h3 Be6
15. Qf3 Rad8 16. Bf4 Qc5 17. b3 c6 18. Rad1 h5 19. Rfe1 Nd7 20. Qg3 Qe7 21. Bd6
Qf6 22. Bxf8 Kxf8 23. Qd6+ Qe7 24. Qxe7+ Kxe7 25. Bf5 Nf8 26. Rxd8 Kxd8 27. Bxe6
Nxe6 28. Re5 g6 29. g3 Kd7 30. f4 b6 31. Kf2 f6 32. Re4 f5 33. Re5 Nc5 34. Rxc5
bxc5 35. Kf3 Ke6  1/2-1/2

[Event "9.Offene Senioren SH 2015"]
[Site "Buesum"]
[Date "2015.10.01"]
[Round "4.54"]
[White "Merettig, Georg"]
[Black "Howe, Dietrich"]
[Result "1-0"]
[BlackElo "1667"]
[BlackTeam "SK Kaltenkirchen"]
[EventDate "2015.??.??"]
[PlyCount "82"]
[WhiteElo "1880"]
[WhiteTeam "SV Caissa Wolfenbuettel"]

1. Nc3 c5 2. f4 Nc6 3. e4 e6 4. Nf3 g6 5. Bc4 Bg7 6. O-O Nge7 7. e5 O-O 8. Ne4
b6 9. c3 Nf5 10. d4 d5 11. exd6 Nxd6 12. Nxd6 Qxd6 13. d5 Na5 14. Be2 exd5 15.
Rb1 Nc6 16. Nd2 Rd8 17. Bf3 Rb8 18. Re1 Bf5 19. Ra1 b5 20. g4 Be6 21. Nf1 d4 22.
Bd2 dxc3 23. bxc3 Bc4 24. a4 b4 25. Ne3 Bd3 26. Nd5 Bc4 27. Ne3 Be6 28. f5 Qxd2
29. fxe6 Ne5 30. Bd5 fxe6 31. Qxd2 Rxd5 32. Qe2 Rd3 33. cxb4 Rbd8 34. Rad1 c4
35. Nxc4 Nf3+ 36. Kh1 Nxe1 37. Qxe6+ Kh8 38. Rxe1 Rf8 39. Ne5 Rf6 40. Nf7+ Kg8
41. Nh6+ Kh8  1-0

[Event "9.Offene Senioren SH 2015"]
[Site "Buesum"]
[Date "2015.10.01"]
[Round "4.55"]
[White "Moeller, Bernd"]
[Black "Smits, Oswald"]
[Result "0-1"]
[BlackElo "1866"]
[BlackTeam "SF Taunus"]
[EventDate "2015.??.??"]
[PlyCount "166"]
[WhiteElo "1576"]
[WhiteTeam "SV Bad Schwartau"]

1. e4 e6 2. Nf3 b6 3. c4 Bb7 4. d3 Be7 5. Be2 d6 6. Nc3 Nd7 7. b4 Bf6 8. Bb2 Ne7
9. Rb1 Ng6 10. g3 a5 11. a3 O-O 12. O-O Be7 13. b5 f5 14. exf5 exf5 15. Nd4 Nc5
16. Na4 Qd7 17. Nxc5 dxc5 18. Bf3 Bxf3 19. Nxf3 Bd6 20. d4 Rad8 21. Re1 Qc8 22.
d5 f4 23. Ng5 fxg3 24. hxg3 Qf5 25. Qd2 Rd7 26. Rf1 h6 27. Ne6 Nh4 28. f4 Nf3+
29. Rxf3 Qxb1+ 30. Rf1 Qg6 31. Qg2 Re8 32. Rd1 Qg4 33. Rd3 Ree7 34. Rf3 Rf7 35.
Kf2 Qf5 36. Kg1 Qe4 37. Qf1 Qg6 38. Qg2 Qg4 39. Kf2 Rde7 40. Bc1 Qf5 41. Kg1 Rf6
42. Kf1 Rfxe6 43. dxe6 Qxe6 44. Kg1 Qxc4 45. Qf1 Qd4+ 46. Kg2 Qd5 47. Qd3 Qxd3
48. Rxd3 Re2+ 49. Kf3 Rc2 50. Rd1 Kf7 51. g4 Rc3+ 52. Kf2 c4 53. Ke2 Ke6 54. Bb2
Rg3 55. Bxg7 Bxf4 56. Rd4 Bg5 57. a4 Re3+ 58. Kf2 c3 59. Rc4 Kd7 60. Bxc3 Re6
61. Kf3 c6 62. bxc6+ Rxc6 63. Rd4+ Ke6 64. Be1 Ke5 65. Bf2 Rf6+ 66. Kg3 Rxf2 67.
Rd3 Ra2 68. Rb3 Bd8 69. Rb5+ Ke6 70. Rb3 Rxa4 71. Re3+ Kd5 72. Re8 Ra3+ 73. Kf4
Bg5+ 74. Kf5 Rf3+ 75. Kg6 Rf6+ 76. Kh5 Rf4 77. Re1 b5 78. Rb1 b4 79. Ra1 Bd8 80.
Rg1 Bb6 81. Rg2 Rf7 82. Rd2+ Kc4 83. Re2 b3  0-1

[Event "9.Offene Senioren SH 2015"]
[Site "Buesum"]
[Date "2015.10.01"]
[Round "4.58"]
[White "Ludwig, Richard"]
[Black "Duijker, Bert"]
[Result "0-1"]
[BlackElo "1907"]
[BlackTeam "Veenendaal"]
[EventDate "2015.??.??"]
[PlyCount "56"]
[WhiteElo "1670"]
[WhiteTeam "SV Irxleben"]

1. e4 g6 2. Nf3 Bg7 3. d4 d6 4. Nc3 a6 5. Be2 b5 6. a3 Nd7 7. b4 Bb7 8. Bb2 Ngf6
9. Bd3 O-O 10. O-O c5 11. Re1 cxd4 12. Nxd4 Nb6 13. Rb1 Rc8 14. f3 Nfd7 15. Nde2
Ne5 16. Kh1 Nec4 17. Bxc4 Nxc4 18. Qc1 Nxb2 19. Qxb2 Qc7 20. Qb3 Bxc3 21. Red1
Bf6 22. Qe3 Qc4 23. g4 Rc7 24. Ng3 Rfc8 25. Rbc1 Bb2 26. Rb1 Qxc2 27. h4 Qc3 28.
Qg5 Qxf3+  0-1

[Event "9.Offene Senioren SH 2015"]
[Site "Buesum"]
[Date "2015.10.01"]
[Round "4.59"]
[White "Manthey, Wolfgang"]
[Black "Zechel, Rolf-Ruediger"]
[Result "1/2-1/2"]
[BlackElo "1645"]
[BlackTeam "SK Kaltenkirchen"]
[EventDate "2015.??.??"]
[PlyCount "70"]
[WhiteElo "1780"]
[WhiteTeam "Helmstedter SV"]

1. g3 g6 2. d4 d5 3. Bg2 Bg7 4. Nf3 Nf6 5. c4 Nc6 6. cxd5 Nxd5 7. O-O O-O 8. Nc3
Nxc3 9. bxc3 Rb8 10. e4 b5 11. Be3 Na5 12. Rb1 Nc4 13. Bf4 a6 14. Nd2 e5 15.
Nxc4 exf4 16. gxf4 Qh4 17. Ne3 Bb7 18. Qg4 Qe7 19. e5 Bxg2 20. Qxg2 Qa3 21. Nd5
Qxa2 22. Ra1 Qc4 23. Rxa6 b4 24. Ne7+ Kh8 25. Rc6 Qd3 26. cxb4 Qxd4 27. Qf3 Qxb4
28. Rxc7 Qb3 29. Qc6 Qh3 30. Qg2 Qe6 31. Rfc1 h5 32. Nd5 Rbd8 33. Rd1 Rd7 34.
Rxd7 Qxd7 35. Qf3 Qe6  1/2-1/2

[Event "9.Offene Senioren SH 2015"]
[Site "Buesum"]
[Date "2015.10.01"]
[Round "4.60"]
[White "Reutimann, Hans Peter"]
[Black "Henniges, Erhard"]
[Result "1-0"]
[BlackElo "1630"]
[BlackTeam "Rochade 96 Magdeburg"]
[EventDate "2015.??.??"]
[PlyCount "55"]
[WhiteElo "1780"]
[WhiteTeam "SC Duebendorf"]

1. d4 f5 2. Nf3 Nf6 3. Bf4 d6 4. e3 Nbd7 5. Nbd2 e6 6. c3 Be7 7. Bc4 d5 8. Bd3
c5 9. h3 c4 10. Bc2 h6 11. Ne5 Nxe5 12. dxe5 O-O 13. exf6 Bxf6 14. Nf3 Qe8 15.
Be5 Qf7 16. Bxf6 Qxf6 17. Qd4 Qxd4 18. exd4 b5 19. Ne5 Bb7 20. O-O Rae8 21. Rfe1
a6 22. Nd7 Rf7 23. Nc5 Bc8 24. Re5 g6 25. Rae1 Rfe7 26. b3 Kg7 27. bxc4 bxc4 28.
Rb1  1-0

[Event "9.Offene Senioren SH 2015"]
[Site "Buesum"]
[Date "2015.10.01"]
[Round "4.61"]
[White "Schumacher, Ursula"]
[Black "Eschweiler, Gottfried"]
[Result "0-1"]
[BlackElo "1775"]
[BlackTeam "SG Neuss"]
[EventDate "2015.??.??"]
[PlyCount "66"]
[WhiteElo "1670"]
[WhiteTeam "HTC Bad Neuenahr"]

1. c4 Nf6 2. Nc3 g6 3. d4 Bg7 4. Nf3 d6 5. g3 O-O 6. Bg2 Nbd7 7. O-O e5 8. e3
Re8 9. Rb1 c6 10. b3 a6 11. Bb2 e4 12. Ng5 d5 13. c5 h6 14. Nh3 g5 15. Bc1 Nf8
16. f3 exf3 17. Bxf3 Bxh3 18. Rf2 Bd7 19. b4 Ng6 20. Na4 Rb8 21. Nb6 Bh3 22. a4
g4 23. Bh1 Qe7 24. Rbb2 h5 25. Rf5 h4 26. Qe1 hxg3 27. Qxg3 Rbd8 28. Re2 Ne4 29.
Qe1 Qe6 30. Bxe4 Qxe4 31. Rh5 Nf4 32. exf4 Qxe2 33. Qxe2 Rxe2  0-1

[Event "9.Offene Senioren SH 2015"]
[Site "Buesum"]
[Date "2015.10.01"]
[Round "4.62"]
[White "Daebel, Hasso"]
[Black "Komeinda, Josef"]
[Result "0-1"]
[BlackElo "1644"]
[BlackTeam "Elberfelder SG"]
[EventDate "2015.??.??"]
[PlyCount "78"]
[WhiteElo "1737"]
[WhiteTeam "SG Drewer"]

1. d4 Nf6 2. Nf3 c5 3. c3 b6 4. Bf4 d6 5. e3 g6 6. Bb5+ Bd7 7. Bxd7+ Nbxd7 8. h3
Bg7 9. Nbd2 O-O 10. Qc2 cxd4 11. exd4 Re8 12. O-O-O Nd5 13. Bh2 Rc8 14. Qb3 N5f6
15. g4 e6 16. Rhe1 Rc6 17. Kb1 a6 18. Ne4 Nxe4 19. Rxe4 b5 20. g5 Nb6 21. h4 Na4
22. Rc1 Qa8 23. Re3 h6 24. Bf4 h5 25. Rd3 e5 26. dxe5 dxe5 27. Rd7 Rce6 28. Nxe5
Bxe5 29. Re1 Bxf4 30. Rxe6 Rxe6 31. Qd5 Qxd5 32. Rxd5 Re1+ 33. Kc2 Re2+ 34. Kd1
Rxb2 35. Rd8+ Kg7 36. Ra8 Rxa2 37. Rc8 Rxf2 38. c4 Nb2+ 39. Ke1 Rc2  0-1

[Event "9.Offene Senioren SH 2015"]
[Site "Buesum"]
[Date "2015.10.01"]
[Round "4.63"]
[White "Baumast, Bernd"]
[Black "Schuller, Erhard"]
[Result "0-1"]
[BlackElo "1733"]
[BlackTeam "SV Morsbach"]
[EventDate "2015.??.??"]
[PlyCount "93"]
[WhiteElo "1541"]
[WhiteTeam "SV Bad Oldesloe"]

1. b4 e6 2. Bb2 Nf6 3. a3 d5 4. e3 a6 5. Ne2 c5 6. c3 Qc7 7. d3 Bd6 8. Ng3 Nbd7
9. Nd2 b5 10. Be2 Nb6 11. Rc1 c4 12. O-O O-O 13. f4 Re8 14. d4 Bb7 15. Nh5 Nxh5
16. Bxh5 g6 17. Be2 Kg7 18. h4 Qe7 19. Qe1 f5 20. g4 fxg4 21. Bxg4 Nd7 22. Qg3
Nf6 23. Rf2 Bc7 24. Nf3 Ne4 25. Qg2 Nxf2 26. Kxf2 Qf6 27. h5 Rh8 28. Rh1 h6 29.
hxg6 Qxg6 30. Nh4 Qc2+ 31. Be2+ Kf6 32. Nf3 Rag8 33. Qh3 Qf5 34. Qh4+ Kf7 35.
Ne5+ Bxe5 36. Bh5+ Rg6 37. Bxg6+ Qxg6 38. Rg1 Bf6 39. Qh3 Qc2+ 40. Kf3 Qe4+ 41.
Kf2 Qf5 42. Qh1 Qc2+ 43. Ke1 Qb1+ 44. Ke2 Qxb2+ 45. Kf3 Qc2 46. Qh5+ Ke7 47. Rg6
 0-1

[Event "9.Offene Senioren SH 2015"]
[Site "Buesum"]
[Date "2015.10.01"]
[Round "4.64"]
[White "Harders, Werner"]
[Black "Hoelzel, Gerhard"]
[Result "1/2-1/2"]
[BlackElo "1718"]
[BlackTeam "Ahrensburger TSV"]
[EventDate "2015.??.??"]
[PlyCount "87"]
[WhiteElo "1569"]
[WhiteTeam "SK Kaltenkirchen"]

1. d4 Nf6 2. e3 g6 3. f4 Bg7 4. Bd3 e6 5. Nf3 O-O 6. O-O b6 7. c3 Bb7 8. Nbd2
Nc6 9. e4 d6 10. Qe2 Qd7 11. h3 Nh5 12. Qe3 Nf6 13. b3 Bh6 14. g4 Bg7 15. Ba3
Rfe8 16. c4 Kh8 17. Rad1 a5 18. e5 Ng8 19. Ng5 h6 20. Ngf3 Nb4 21. Bb1 c5 22.
Bb2 Nc6 23. a4 dxe5 24. dxe5 Rad8 25. Bc2 Qc7 26. Bc3 Rd7 27. Ne4 Bf8 28. Rxd7
Qxd7 29. Rd1 Qc7 30. Nd6 Re7 31. Nh4 Nb4 32. Bxg6 Kg7 33. Be4 Bxe4 34. Qxe4 Qc6
35. Bxb4 Qxe4 36. Nxe4 cxb4 37. Nd6 Ra7 38. Nb5 Rb7 39. Nf3 Bc5+ 40. Kf1 Ne7 41.
Ke2 Ng6 42. Nd6 Nxf4+ 43. Kf1 Rb8 44. h4  1/2-1/2

[Event "9.Offene Senioren SH 2015"]
[Site "Buesum"]
[Date "2015.10.01"]
[Round "4.65"]
[White "Luebbers, Doris"]
[Black "Linz, Stefan"]
[Result "1/2-1/2"]
[BlackElo "1695"]
[BlackTeam "SC Bad Marienberg"]
[EventDate "2015.??.??"]
[PlyCount "64"]
[WhiteElo "1527"]
[WhiteTeam "SF Taunus"]

1. d4 g6 2. Nf3 Bg7 3. e3 d6 4. Be2 Nf6 5. b3 O-O 6. Bb2 a5 7. c4 Nbd7 8. O-O b6
9. Nbd2 Bb7 10. Qc2 e6 11. Rac1 Rc8 12. Qb1 c5 13. Rfe1 Ne8 14. Rcd1 Qc7 15. Bf1
a4 16. g3 Rd8 17. Bg2 d5 18. cxd5 Bxd5 19. Rc1 Qb7 20. Nh4 Bxg2 21. Nxg2 cxd4
22. exd4 Nef6 23. Rcd1 Nd5 24. Nc4 Qb8 25. Nge3 Nxe3 26. Nxe3 Nf6 27. Nc4 Nd5
28. Ne5 Qb7 29. a3 Rc8 30. Rc1 Rxc1 31. Rxc1 Rc8 32. Rxc8+ Qxc8  1/2-1/2

[Event "9.Offene Senioren SH 2015"]
[Site "Buesum"]
[Date "2015.10.01"]
[Round "4.66"]
[White "Ketelsen, Herbert"]
[Black "Ungar, Benedict"]
[Result "0-1"]
[BlackElo "1690"]
[BlackTeam "Delmenhorster SK"]
[EventDate "2015.??.??"]
[PlyCount "102"]
[WhiteElo "1194"]
[WhiteTeam "SK Kaltenkirchen"]

1. d4 Nc6 2. c4 e5 3. Nf3 exd4 4. Nxd4 Bc5 5. e3 Qf6 6. Nxc6 dxc6 7. Nc3 Ne7 8.
Ne4 Bb4+ 9. Nd2 O-O 10. Be2 Rd8 11. O-O Bxd2 12. Bxd2 Qxb2 13. Bc3 Rxd1 14. Bxb2
Rxf1+ 15. Kxf1 Be6 16. Rd1 f6 17. Rd4 Nf5 18. Re4 Kf7 19. h3 Rd8 20. Bc3 c5 21.
a3 Rd6 22. g4 Ne7 23. h4 Ra6 24. g5 Rxa3 25. Be1 Bh3+ 26. Kg1 Ra1 27. gxf6 gxf6
28. Bh5+ Ng6 29. Kh2 Rxe1 30. Kxh3 f5 31. Bxg6+ hxg6 32. Re5 b6 33. Rd5 Ke6 34.
Rd8 Rg1 35. Ra8 a5 36. Rg8 Rg4 37. f3 Rxc4 38. Rxg6+ Kd5 39. h5 Rc1 40. Kg2 Rc2+
41. Kg3 Rc1 42. Kf4 a4 43. h6 Rh1 44. Kxf5 a3 45. e4+ Kc4 46. Rg2 Rxh6 47. e5
Kb3 48. e6 a2 49. Rxa2 Kxa2 50. e7 Rh8 51. Ke6 c4  0-1

[Event "9.Offene Senioren SH 2015"]
[Site "Buesum"]
[Date "2015.10.01"]
[Round "4.67"]
[White "Petersen, Guenter"]
[Black "Wiebke, Elfriede"]
[Result "1/2-1/2"]
[BlackElo "1338"]
[BlackTeam "Segeberger SF"]
[EventDate "2015.??.??"]
[PlyCount "37"]
[WhiteElo "1609"]
[WhiteTeam "Segeberger SF"]

1. e4 e6 2. d4 d5 3. Nc3 Bb4 4. e5 Bxc3+ 5. bxc3 Ne7 6. Bd3 O-O 7. Nf3 h6 8. O-O
b6 9. h3 c5 10. c4 dxc4 11. Bxc4 Nd5 12. dxc5 bxc5 13. Bb2 Qb6 14. Rb1 Nd7 15.
Bxd5 exd5 16. Qxd5 Qb7 17. Qc4 Nb6 18. Qxc5 Be6 19. Bd4  1/2-1/2

[Event "9.Offene Senioren SH 2015"]
[Site "Buesum"]
[Date "2015.10.01"]
[Round "4.68"]
[White "Graffenberger, Marianne"]
[Black "David, Juergen"]
[Result "0-1"]
[BlackElo "1350"]
[BlackTeam "SC Lok Brandenburg"]
[EventDate "2015.??.??"]
[PlyCount "90"]
[WhiteElo "1540"]
[WhiteTeam "Hamburger SK"]

1. e4 c5 2. Nf3 d6 3. d4 cxd4 4. Qxd4 e5 5. Qd1 Be7 6. Nc3 Nf6 7. Bd3 a6 8. O-O
Nc6 9. Re1 Be6 10. b3 Rc8 11. Bb2 Nb4 12. a3 Nxd3 13. Qxd3 b5 14. Ne2 Qb6 15.
Ng3 Ng4 16. Re2 O-O 17. h3 Nf6 18. Ng5 Nd7 19. Nxe6 fxe6 20. Rf1 Bh4 21. Kh2 Rf6
22. Bc1 Qb8 23. Bd2 h6 24. Bb4 Nc5 25. Bxc5 Rxc5 26. Rd1 Rc6 27. Rc1 Bg5 28. Rf1
Qc7 29. f3 Bf4 30. c4 bxc4 31. bxc4 Rg6 32. Rc2 Rxg3 33. Kh1 Rc5 34. Rd1 Rc6 35.
Qb3 Rg6 36. a4 Bg5 37. Rd3 Rb6 38. Qa2 Be7 39. Rb3 Qc5 40. Rxb6 Qxb6 41. Rb2 Qd4
42. Rd2 Qe3 43. Rf2 Qe1+ 44. Kh2 Bh4 45. Re2 Bg3#  0-1

[Event "9.Offene Senioren SH 2015"]
[Site "Buesum"]
[Date "2015.10.01"]
[Round "4.69"]
[White "Vierling, Paul"]
[Black "Geibel, Henning"]
[Result "0-1"]
[BlackElo "1470"]
[BlackTeam "SV Bargteheide"]
[EventDate "2015.??.??"]
[PlyCount "78"]
[WhiteElo "1467"]
[WhiteTeam "Fehntjer SK"]

1. e4 e5 2. Nf3 d6 3. d3 Be7 4. Nbd2 Nf6 5. Be2 O-O 6. b3 Nc6 7. O-O d5 8. exd5
Nxd5 9. Bb2 Bf6 10. Ne4 Nf4 11. Nxf6+ Qxf6 12. d4 Nxe2+ 13. Qxe2 exd4 14. Rfd1
Rd8 15. c3 dxc3 16. Rxd8+ Qxd8 17. Bxc3 Bg4 18. h3 Bxf3 19. Qxf3 Rb8 20. Qg3 f6
21. Re1 Ne7 22. Bxf6 Nf5 23. Qg5 Qxf6 24. Qxf6 gxf6 25. g4 Nd4 26. Kg2 c5 27. f4
Nc2 28. Re2 Nd4 29. Rd2 Re8 30. Kf2 b6 31. b4 Ne6 32. bxc5 Nxc5 33. Kf3 Kf7 34.
f5 Rc8 35. Rc2 Rd8 36. Re2 Rd3+ 37. Kg2 Ra3 38. h4 Nd3 39. Rc2 Ne1+  0-1